000
00329nam a22001337a 4500
005
20240705141754.0
008
240705b |||||||| |||| 00| 0 eng d
041
_a
eng
100
_a
JAIN, N.K.
245
_a
SCIENCE AND SCIENTISTS IN INDIA [ VEDIC TO MODERN ]
260
_a
DELHI
_b
KALYANI INDIA
300
_a
162;p
942
_c
BK
999
_c
8541
_d
8539